000 00721 a2200157 4500
003 NUST
005 20230529130352.0
040 _cNust
082 _a004.65,CAC
245 _aComnet III User Manual:
_bPlanning for network managers release 1.2 /
_cCACI
260 _aNew York
_bCACI
_c1995
300 _ax,401 p.:
505 _aIntroduction (Page-1), Quick Start (Page-7), Overview of Modeling Constructs (Page-21), Modeling Constructs (Page-31), Creating COMNET iii Models (Page-277), Reports (Page-303), Plots and Percentiles (Page-363), Simgraphics ii Graphics Editor (Page-367), Traflink (Page-375), Statistical Distribution Functions (Page-377).
650 _aNetwork managers
_9112760
942 _2ddc
_cBK
_k004.65,CAC
999 _c193308
_d193308